000 00670nam a22002177a 4500
008 240525b mp ||||| |||| 00| 0 mon d
020 _a978-99973-1-742-1
035 _a14398
040 _aСэлэнгэ аймгийн нийтийн номын сан
_bmon
_cMN-UlNLM
_dMN-UlNLM
_erda
041 _amon
042 _a30023
084 _2НСНЗА
_a84(5Яп)
_bА 94
100 _aАшард М.
245 0 _aЦөөхүүлч гэсэн бидний Индианчууд
264 _bмонсудар ХГ
300 _a148
336 _2rdacontent
_atext
_btxt
337 _2rdamedia
_aunmediated
_bn
338 _2rdacarrier
_avolume
_bnc
942 _2NNA
_cBK
999 _c713423
_d713480